[Event "Weekend A"]
[Site "Valenzano ITA"]
[Date "2006.01.29"]
[Round "5"]
[White "Vespe, Francesco"]
[Black "Granaldi, Alessandro"]
[Result "1/2-1/2"]
[WhiteElo "2045"]
[BlackElo "1991"]
[PlyCount "65"]
[EventDate "2006.01.21"]

1.d4 Nf6 2.c4 g6 3.Nc3 Bg7 4.e4 O-O 5.Be2 d6 6.h4 e5 7.d5 h5 8.Bg5 Na6 9.
f3 Qe8 10.g4 hxg4 11.fxg4 Nh7 12.Be3 f5 13.Nh3 f4 14.Bf2 f3 15.Bxf3 Qf7 
16.Be2 Bh6 17.O-O Bf4 18.Bg3 Qe7 19.Nxf4 exf4 20.Rxf4 Rxf4 21.Bxf4 Qxh4 
22.Qe1 Qf6 23.Qg3 Nc5 24.e5 dxe5 25.Bxe5 Qb6 26.Bxc7 Qxb2 27.Rf1 Bd7 28.
Qe3 Re8 29.Be5 Na4 30.Nxa4 Rxe5 31.Nxb2 Rxe3 32.Kf2 Ra3 33.Nd3 1/2-1/2

[Event "Weekend A"]
[Site "Valenzano ITA"]
[Date "2006.01.29"]
[Round "6"]
[White "Campanile, Roberto"]
[Black "Guerra, Vito Rocco"]
[Result "1-0"]
[WhiteElo "2207"]
[BlackElo "1940"]
[PlyCount "131"]
[EventDate "2006.01.21"]

1.d4 Nf6 2.c4 e6 3.Nc3 Bb4 4.Qc2 c5 5.dxc5 Na6 6.a3 Bxc5 7.Nf3 d5 8.e3 Be7
9.Be2 O-O 10.O-O dxc4 11.Bxc4 Qc7 12.Qe2 Nc5 13.e4 e5 14.b4 Ncd7 15.Bb2 
Re8 16.Ng5 Rf8 17.Rac1 h6 18.Nf3 a6 19.Ba2 Qb8 20.Nh4 b5 21.Nf5 Re8 22.
Rfd1 Nf8 23.Nd5 Nxd5 24.Bxd5 Ra7 25.Qg4 Bxf5 26.Qxf5 Bf6 27.Rc6 Bg5 28.Rd3
Nh7 29.Rdc3 Nf8 30.g3 Bd8 31.Rf3 Bf6 32.Qg4 Kh7 33.h4 Qd8 34.Qf5+ Kh8 35.
h5 Kg8 36.Rfc3 Qd7 37.Rc8 Qxf5 38.exf5 Rxc8 39.Rxc8 Rd7 40.Be4 Rd2 41.Bc1 
Rd4 42.f3 Kh7 43.Be3 Rd1+ 44.Kf2 Nd7 45.Ra8 Rd6 46.Bb7 Rd3 47.Rxa6 Bg5 48.
Bxg5 hxg5 49.Bc6 Nf6 50.Bxb5 Rd2+ 51.Ke3 Rg2 52.Rxf6 gxf6 53.g4 Ra2 54.Bc6
Rxa3+ 55.Kd2 Kg7 56.b5 Kf8 57.b6 Rb3 58.b7 Ke7 59.h6 Kf8 60.Kc2 Rb6 61.Kd3
Kg8 62.Kc4 Kh7 63.Kc5 Rxb7 64.Bxb7 Kxh6 65.Kd6 Kg7 66.Ke7 1-0

[Event "Weekend A"]
[Site "Valenzano ITA"]
[Date "2006.01.29"]
[Round "6"]
[White "Caputi, Nicola"]
[Black "Delfino, Luigi"]
[Result "1-0"]
[WhiteElo "2005"]
[BlackElo "2119"]
[PlyCount "76"]
[EventDate "2006.01.21"]

1.c4 g6 2.Nc3 Bg7 3.g3 e5 4.Bg2 d6 5.d3 c5 6.Nf3 Nc6 7.O-O Nge7 8.a3 O-O 
9.Rb1 a5 10.Bg5 f6 11.Be3 Be6 12.Ne1 b6 13.Nd5 Rb8 14.Nc2 Qd7 15.b4 axb4 
16.axb4 Bh3 17.b5 Bxg2 18.bxc6 Qh3 19.Nxe7+ Kf7 20.Nd5 b5 21.Na3 h5 22.f4 
bxc4 23.Rxb8 Rxb8 24.dxc4 Be4 25.Rf2 h4 26.Qf1 Qg4 27.Rg2 Rb3 28.Nb5 Bxd5 
29.cxd5 Rxb5 30.fxe5 dxe5 31.Qf3 Qa4 32.Kf2 Bf8 33.Rg1 Bd6 34.Rf1 hxg3+ 
35.hxg3 Rb3 36.Rh1 e4 37.Qg4 Rxe3 38.Qd7+ Kg8 1-0

[Event "Weekend A"]
[Site "Valenzano ITA"]
[Date "2006.01.29"]
[Round "6"]
[White "Granaldi, Alessandro"]
[Black "Lorusso, Lucio"]
[Result "0-1"]
[WhiteElo "1991"]
[BlackElo "2053"]
[PlyCount "80"]
[EventDate "2006.01.21"]

1.e4 c6 2.Nc3 d5 3.Nf3 Bg4 4.exd5 cxd5 5.h3 Bxf3 6.Qxf3 e6 7.d4 a6 8.Bf4 
Nc6 9.O-O-O Rc8 10.g4 Bb4 11.Ne2 Nf6 12.Ng3 O-O 13.Kb1 Qb6 14.c3 Ba3 15.
Bc1 Rc7 16.c4 Be7 17.c5 Qa7 18.Bf4 Rcc8 19.Nh5 Ne4 20.Qe3 g6 21.f3 Nf6 22.
Bd6 Nxh5 23.Bxe7 Nxe7 24.gxh5 Nf5 25.Qe5 Rfd8 26.Qf6 Ng7 27.Qg5 Nxh5 28.
Rg1 Ng7 29.Bd3 b6 30.h4 h5 31.Qh6 e5 32.dxe5 bxc5 33.f4 c4 34.Bc2 Qd7 35.
Rg5 d4 36.Ba4 c3 37.e6 Qxe6 38.f5 Qe2 39.Bc2 cxb2 40.Bb3 Rc1+ 0-1

[Event "Weekend A"]
[Site "Valenzano ITA"]
[Date "2006.01.29"]
[Round "6"]
[White "Tommaselli, Giacomo"]
[Black "Pizzuto, Samuele Tullio"]
[Result "1-0"]
[WhiteElo "2023"]
[BlackElo "2201"]
[PlyCount "75"]
[EventDate "2006.01.21"]

1.d4 d5 2.Nf3 Nc6 3.Bf4 Bg4 4.Nbd2 e6 5.c3 Bd6 6.Bxd6 cxd6 7.e4 dxe4 8.
Nxe4 Nge7 9.Ng3 Qa5 10.Be2 O-O 11.O-O Nf5 12.Nxf5 Bxf5 13.Qd2 e5 14.b4 Qc7
15.d5 Ne7 16.Rfe1 f6 17.Bd3 Bg6 18.c4 a5 19.Bxg6 Nxg6 20.Rec1 axb4 21.Qxb4
Nf4 22.Rc2 Nxd5 23.Qb3 Ne7 24.Rb1 Rab8 25.c5+ d5 26.a4 Rfd8 27.Qa2 Nc6 28.
Rd2 Ne7 29.Rc2 Ra8 30.Rb6 Ra5 31.Qb2 Rxc5 32.Rxc5 Qxc5 33.Rxb7 Rc8 34.Rb8 
Qc7 35.Rxc8+ Nxc8 36.g3 Ne7 37.Qb5 d4 38.Qe8# 1-0

[Event "Weekend A"]
[Site "Valenzano ITA"]
[Date "2006.01.29"]
[Round "6"]
[White "Vespe, Francesco"]
[Black "Rizzo, Giovanbattista"]
[Result "0-1"]
[WhiteElo "2045"]
[BlackElo "2093"]
[PlyCount "54"]
[EventDate "2006.01.21"]

1.d4 Nf6 2.c4 Nc6 3.Nc3 e5 4.d5 Ne7 5.e4 Ng6 6.a3 Bc5 7.Nf3 Ng4 8.b4 Bxf2+
9.Ke2 Bd4 10.Nxd4 exd4 11.Qxd4 d6 12.Be3 O-O 13.Kd2 a5 14.Be2 Nxe3 15.Qxe3
f5 16.Bf3 Ne5 17.Qe2 Qg5+ 18.Kc2 f4 19.h3 Qf6 20.Rad1 axb4 21.axb4 Ra3 22.
Qe1 Nxc4 23.Ra1 Rxa1 24.Qxa1 Qd4 25.Qc1 Bd7 26.Qg1 Ne3+ 27.Kb3 Qc4+ 0-1

[Event "C.to Provinciale AT"]
[Site "Asti ITA"]
[Date "2006.02.02"]
[Round "1"]
[White "Brancaleoni, Maurizio"]
[Black "Cova, Alessandro"]
[Result "1-0"]
[WhiteElo "2306"]
[BlackElo "1963"]
[PlyCount "123"]
[EventDate "2006.02.02"]

1.c4 Nf6 2.Nc3 e6 3.d4 Bb4 4.Nf3 O-O 5.Bg5 c5 6.e3 h6 7.Bh4 d6 8.Bd3 Nbd7 
9.O-O Bxc3 10.bxc3 e5 11.Nd2 Qc7 12.f4 exd4 13.cxd4 Re8 14.Qf3 Rb8 15.Rae1
Qa5 16.Rd1 b5 17.g4 Qc3 18.Nb1 Qa5 19.g5 Bb7 20.Qh3 bxc4 21.gxf6 cxd3 22.
Qxd7 cxd4 23.Qg4 g6 24.e4 Rxe4 25.Rxd3 Qd5 26.Nc3 Qc4 27.Nxe4 Qxd3 28.Nxd6
Bd5 29.Qg3 Qxg3+ 30.Bxg3 Bxa2 31.Rd1 Rb1 32.Rxb1 Bxb1 33.Nc4 a6 34.Kf2 Ba2
35.Na5 Bd5 36.Ke2 Be4 37.Bf2 Kf8 38.Bxd4 Ke8 39.Ke3 Bd5 40.Be5 Kd7 41.Kd4 
Ke6 42.Kc5 Be4 43.Nc4 Bd3 44.Bc3 Bc2 45.Ne3 Bd3 46.Kc6 Be4+ 47.Kc7 Bd5 48.
Kd8 Bc6 49.Nc4 Bb5 50.Na5 Ba4 51.Nb7 Bc6 52.Nc5+ Kf5 53.Ke7 Bd5 54.Bd2 a5 
55.Bxa5 Kxf4 56.Bd2+ Kf5 57.Bxh6 Bc6 58.Bd2 Bd5 59.Ba5 Bc4 60.Bc7 Bd5 61.
Nd7 Be6 62.Ne5 1-0

[Event "C.to Provinciale AT"]
[Site "Asti ITA"]
[Date "2006.02.02"]
[Round "1"]
[White "Crepaldi, Marco"]
[Black "Forno, Roberto"]
[Result "0-1"]
[WhiteElo "1819"]
[BlackElo "2005"]
[PlyCount "100"]
[EventDate "2006.02.02"]

1.e4 d6 2.d4 Nf6 3.Nc3 g6 4.f4 Bg7 5.Nf3 O-O 6.Bc4 c6 7.O-O b5 8.Bd3 Qb6 
9.Kh1 a6 10.Be3 Nbd7 11.Qd2 Bb7 12.h3 Rae8 13.e5 Nd5 14.Nxd5 cxd5 15.f5 
dxe5 16.dxe5 Qc7 17.e6 fxe6 18.fxg6 Rxf3 19.gxh7+ Kh8 20.Rxf3 d4 21.Bh6 
Bxh6 22.Qxh6 Bxf3 23.gxf3 Qg3 24.Be4 Qg7 25.Qxe6 Nf6 26.Rg1 Qh6 27.Rg3 
Qc1+ 28.Kh2 Qd2+ 29.Rg2 Qf4+ 30.Kh1 Qc1+ 31.Rg1 Qh6 32.Bd5 Qxh7 33.Be4 Qh4
34.Qf5 e6 35.Qe5 Qxh3+ 36.Qh2 Qxh2+ 37.Kxh2 Nxe4 38.fxe4 Rc8 39.Rg2 a5 40.
Kg1 Rg8 41.Rxg8+ Kxg8 42.Kf2 Kf7 43.a3 Kf6 44.b3 Ke5 45.Kf3 b4 46.a4 d3 
47.cxd3 Kd4 48.Kf4 Kc3 49.d4 Kxd4 50.e5 Kd5 0-1

[Event "C.to Provinciale AT"]
[Site "Asti ITA"]
[Date "2006.02.02"]
[Round "1"]
[White "Finocchiaro, Gianluca"]
[Black "Beccaris, Gabriele"]
[Result "1-0"]
[WhiteElo "1854"]
[BlackElo "2046"]
[PlyCount "71"]
[EventDate "2006.02.02"]

1.e4 c5 2.c3 d5 3.exd5 Qxd5 4.d4 Nf6 5.Nf3 e6 6.Na3 cxd4 7.Nb5 Qd8 8.Nbxd4
Be7 9.Bd3 O-O 10.O-O Nbd7 11.b4 Nd5 12.Bd2 a6 13.a3 e5 14.Nf5 Re8 15.Nxe7+
Rxe7 16.Be4 N7f6 17.Bg5 Be6 18.Bxd5 Bxd5 19.Re1 e4 20.Nd4 Rd7 21.Rc1 Rc8 
22.Bxf6 Qxf6 23.Qg4 Rdc7 24.Ne2 b5 25.Red1 Qe5 26.Qg3 Qxg3 27.hxg3 Bc4 28.
Nf4 Kf8 29.Rd6 Rc6 30.Rcd1 Bb3 31.Rxc6 Rxc6 32.Rc1 Bc4 33.g4 Ke7 34.Re1 
Be6 35.Rxe4 Rxc3 36.Nd5+ 1-0

[Event "C.to Provinciale AT"]
[Site "Asti ITA"]
[Date "2006.02.02"]
[Round "1"]
[White "Gussone, Claudio"]
[Black "Rivello, Roberto"]
[Result "0-1"]
[WhiteElo "1947"]
[BlackElo "2269"]
[PlyCount "83"]
[EventDate "2006.02.02"]

1.Nf3 d5 2.d4 Nf6 3.g3 g6 4.Bg2 Bg7 5.O-O O-O 6.Nbd2 c5 7.c3 cxd4 8.cxd4 
Nc6 9.Nb3 Ne4 10.Bf4 f6 11.Nfd2 Bf5 12.f3 Nd6 13.e4 Be6 14.Be3 b6 15.a3 
Qd7 16.Rc1 Bf7 17.Rf2 Nc4 18.Nxc4 dxc4 19.d5 Ne5 20.Nd4 Nd3 21.Rxc4 Nxf2 
22.Kxf2 e6 23.Bh3 f5 24.Qc2 Rac8 25.Nc6 Kh8 26.Bd4 Bxd4+ 27.Rxd4 exd5 28.
Qc3 Kg8 29.exd5 Bxd5 30.Rxd5 Qxc6 31.Qxc6 Rxc6 32.Rd2 Rfc8 33.Ke3 Rc2 34.
Kd3 Rc1 35.Rf2 Rd8+ 36.Ke3 Re1+ 37.Kf4 Kg7 38.g4 Rd4+ 39.Kg3 Kf6 40.gxf5 
gxf5 41.Bg2 Red1 42.Re2 0-1

[Event "C.to Provinciale AT"]
[Site "Asti ITA"]
[Date "2006.02.02"]
[Round "1"]
[White "Malano, Francesco"]
[Black "Gamba, Ezio"]
[Result "1-0"]
[WhiteElo "2041"]
[BlackElo "1838"]
[PlyCount "63"]
[EventDate "2006.02.02"]

1.d4 Nf6 2.c4 e5 3.dxe5 Ne4 4.Qc2 d5 5.exd6 Bf5 6.Nc3 Ng3 7.e4 Nxh1 8.exf5
Bxd6 9.Nf3 Bc5 10.Ne4 Qe7 11.Be2 Nc6 12.Nxc5 Qxc5 13.Be3 Qb4+ 14.Kf1 O-O-O
15.Kg1 Nxf2 16.Bxf2 Rhe8 17.a3 Qa5 18.Rd1 f6 19.Rxd8+ Rxd8 20.h3 Ne5 21.
Nd4 a6 22.Qc1 g6 23.b4 Qa4 24.fxg6 hxg6 25.Qc3 Kb8 26.Ne6 Rd6 27.Nc5 Qe8 
28.Bg3 b6 29.Nxa6+ Kb7 30.c5 Re6 31.cxb6 cxb6 32.Qc7+ 1-0

[Event "C.to Provinciale AT"]
[Site "Asti ITA"]
[Date "2006.02.02"]
[Round "1"]
[White "Martin, Tiziano"]
[Black "Marello, Giampiero"]
[Result "1-0"]
[WhiteElo "1978"]
[BlackElo "1700"]
[PlyCount "69"]
[EventDate "2006.02.02"]

1.e4 c5 2.Nf3 d6 3.c3 Nc6 4.Be2 Nf6 5.d3 g6 6.O-O Bg7 7.Re1 O-O 8.Bf1 Qc7 
9.Na3 Bg4 10.h3 Bxf3 11.Qxf3 a6 12.Nc4 b5 13.Ne3 Ne5 14.Qd1 Rfd8 15.f4 Nc6
16.Qf3 b4 17.g4 bxc3 18.bxc3 Nxg4 19.hxg4 Bxc3 20.Nd5 Qa5 21.Nxc3 Qxc3 22.
Be3 Nd4 23.Qf2 Rab8 24.Rec1 Qa3 25.Bxd4 cxd4 26.Qxd4 Rb4 27.Qc3 Qxc3 28.
Rxc3 Rdb8 29.Rac1 Kg7 30.Kf2 a5 31.Ke3 a4 32.R1c2 Rb1 33.Be2 R8b2 34.Rxb2 
Rxb2 35.Ra3 1-0

[Event "C.to Provinciale AT"]
[Site "Asti ITA"]
[Date "2006.02.02"]
[Round "1"]
[White "Molina, Fabrizio"]
[Black "Ronzano, Luca"]
[Result "1-0"]
[WhiteElo "2264"]
[BlackElo "1901"]
[PlyCount "73"]
[EventDate "2006.02.02"]

1.c4 f5 2.Nc3 Nf6 3.g3 e6 4.Bg2 Bb4 5.a3 Bxc3 6.dxc3 O-O 7.Nf3 d6 8.O-O a5
9.b4 Ne4 10.Qc2 Qe8 11.Nd4 Qg6 12.Nb3 Nc6 13.c5 axb4 14.cxb4 e5 15.Bb2 Be6
16.cxd6 cxd6 17.Nd2 d5 18.Nf3 f4 19.b5 Nd4 20.Bxd4 exd4 21.Qd3 Rac8 22.
Rac1 fxg3 23.hxg3 Rxc1 24.Rxc1 Nxg3 25.Qxg6 Nxe2+ 26.Kf1 hxg6 27.Kxe2 Bg4 
28.Rd1 Re8+ 29.Kf1 Rf8 30.Rd3 Rc8 31.Ne1 Be6 32.Rxd4 Rc5 33.a4 Kf8 34.Nd3 
Rc4 35.Rxc4 dxc4 36.Nc5 Bf5 37.Bxb7 1-0

[Event "C.to Provinciale AT"]
[Site "Asti ITA"]
[Date "2006.02.02"]
[Round "1"]
[White "Muscato, Alessandro"]
[Black "De Francisci, Luigi"]
[Result "0-1"]
[WhiteElo "1993"]
[BlackElo "1798"]
[PlyCount "68"]
[EventDate "2006.02.02"]

1.e4 a6 2.d4 b5 3.Bg5 Bb7 4.Nd2 h6 5.Bh4 g5 6.Bg3 Bg7 7.c3 Nf6 8.Bd3 d6 9.
Ngf3 Nbd7 10.O-O Nh5 11.Qc2 c5 12.dxc5 Nxc5 13.Be2 Nxg3 14.hxg3 Rc8 15.a3 
Qb6 16.Rae1 g4 17.Nh4 h5 18.Bd1 Be5 19.Kh2 e6 20.f4 Bf6 21.e5 Bxh4 22.gxh4
g3+ 23.Kh1 Qd8 24.Nf3 Bxf3 25.gxf3 Qxh4+ 26.Kg1 Nd3 27.Re4 Nf2 28.Rxf2 
gxf2+ 29.Kf1 Rg8 30.f5 Rg1+ 31.Ke2 f1=Q+ 32.Kd2 Rg2+ 33.Be2 Rxe2+ 34.Rxe2 
Qf4+ 0-1

[Event "C.to Provinciale AT"]
[Site "Asti ITA"]
[Date "2006.02.02"]
[Round "1"]
[White "Piantadosi, Angelo"]
[Black "Quirico, Paolo"]
[Result "0-1"]
[WhiteElo "1709"]
[BlackElo "1987"]
[PlyCount "42"]
[EventDate "2006.02.02"]

1.e4 d5 2.exd5 Nf6 3.Nc3 Nxd5 4.Nxd5 Qxd5 5.d4 Nc6 6.c3 e5 7.Qe2 Be6 8.
dxe5 Qxe5 9.Nf3 Qf5 10.Ng5 O-O-O 11.Nxe6 Re8 12.Be3 Rxe6 13.Qd3 Qg4 14.Qc4
Re4 15.Qxf7 Bc5 16.Bd3 Ne5 17.Qd5 Nxd3+ 18.Qxd3 Rd8 19.Qe2 Qxg2 20.Rf1 
Rde8 21.O-O-O Bxe3+ 0-1

[Event "C.to Provinciale AT"]
[Site "Asti ITA"]
[Date "2006.02.02"]
[Round "1"]
[White "Raviola, Giuseppe"]
[Black "Giudici, Alberto"]
[Result "1-0"]
[WhiteElo "2101"]
[BlackElo "1870"]
[PlyCount "57"]
[EventDate "2006.02.02"]

1.e4 c5 2.Nf3 d6 3.d4 cxd4 4.Nxd4 Nf6 5.Nc3 a6 6.Be2 e6 7.O-O Be7 8.Be3 
O-O 9.Bf3 Nbd7 10.Qd2 Ne5 11.Be2 b5 12.f4 Neg4 13.Nc6 Qc7 14.Nxe7+ Qxe7 
15.Bf3 Nxe3 16.Qxe3 Bb7 17.Rad1 Rfd8 18.a3 Rac8 19.Rd2 Qc7 20.Rfd1 h6 21.
e5 Bxf3 22.gxf3 dxe5 23.fxe5 Rxd2 24.Rxd2 Nd7 25.f4 Nb6 26.Qg3 Nc4 27.Rg2 
Qc5+ 28.Kh1 g6 29.Ne4 1-0

[Event "C.to Provinciale AT"]
[Site "Asti ITA"]
[Date "2006.02.02"]
[Round "1"]
[White "Torrisi, Andrea"]
[Black "Giretti Kanev, Jasen"]
[Result "1-0"]
[WhiteElo "1888"]
[BlackElo "2221"]
[PlyCount "85"]
[EventDate "2006.02.02"]

1.d4 Nf6 2.Nf3 b6 3.c4 e6 4.Nc3 Bb4 5.Qc2 Bb7 6.a3 Be4 7.Qb3 Ba5 8.Bg5 h6 
9.Bh4 g5 10.Bg3 Nc6 11.e3 d6 12.Nd2 Qd7 13.f3 Bg6 14.d5 Ne5 15.Bxe5 dxe5 
16.e4 O-O 17.Qc2 Bxc3 18.Qxc3 exd5 19.cxd5 Rfe8 20.Ba6 Rad8 21.Bb7 Re7 22.
Bc6 Qc8 23.Qb4 Kf8 24.Nc4 a5 25.Qc3 Kg8 26.O-O Nh5 27.Nxe5 Nf4 28.Bb5 Rd6 
29.Rad1 Kh7 30.Nc6 Re8 31.g3 Nh3+ 32.Kg2 g4 33.Na7 gxf3+ 34.Qxf3 Qb8 35.
Bxe8 Qxe8 36.Kxh3 Qd7+ 37.Kg2 Qa4 38.Rde1 Qc2+ 39.Rf2 Qc4 40.Nc8 Rd7 41.
Qg4 Rxd5 42.Ne7 Bh5 43.Qg8# 1-0

[Event "C.to Provinciale AT"]
[Site "Asti ITA"]
[Date "2006.02.02"]
[Round "1"]
[White "Venturino, Marco"]
[Black "Roversi, Stefano"]
[Result "1-0"]
[WhiteElo "2116"]
[BlackElo "1885"]
[PlyCount "61"]
[EventDate "2006.02.02"]

1.d4 Nf6 2.c4 g6 3.g3 Bg7 4.Bg2 O-O 5.Nf3 d6 6.O-O c6 7.Nc3 Bd7 8.e4 Qc8 
9.Re1 Bh3 10.Bxh3 Qxh3 11.Ng5 Qh5 12.Qxh5 Nxh5 13.e5 dxe5 14.dxe5 Nd7 15.
g4 Nxe5 16.gxh5 h6 17.f4 Nd3 18.Rd1 Nxc1 19.Nge4 f5 20.Ng3 g5 21.Raxc1 
gxf4 22.Nge2 e5 23.Rd7 f3 24.Ng3 e4 25.Kf2 c5 26.Nb5 a6 27.Nc7 Rad8 28.
Rxd8 Rxd8 29.Nxf5 Rd2+ 30.Ke3 Be5 31.Kxd2 1-0

[Event "C.to Provinciale AT"]
[Site "Asti ITA"]
[Date "2006.02.03"]
[Round "2"]
[White "Cova, Alessandro"]
[Black "Piantadosi, Angelo"]
[Result "1-0"]
[WhiteElo "1963"]
[BlackElo "1709"]
[PlyCount "57"]
[EventDate "2006.02.02"]

1.Nf3 d5 2.c4 Nf6 3.b3 e6 4.Bb2 dxc4 5.bxc4 c5 6.g3 b6 7.Bg2 Bb7 8.O-O 
Nbd7 9.d3 Be7 10.Nc3 O-O 11.Rb1 Ne8 12.Nb5 Nc7 13.a4 Nxb5 14.axb5 a5 15.
bxa6 Rxa6 16.Qb3 Qc7 17.Ra1 Rfa8 18.Rxa6 Rxa6 19.e4 Bf6 20.Bxf6 gxf6 21.
Qb2 e5 22.Nh4 Bc8 23.Bh3 Nb8 24.Bxc8 Qxc8 25.Nf5 Nc6 26.Qe2 Kh8 27.Qh5 Qf8
28.Qh4 Qd8 29.Qh6 1-0

[Event "C.to Provinciale AT"]
[Site "Asti ITA"]
[Date "2006.02.03"]
[Round "2"]
[White "De Francisci, Luigi"]
[Black "Martin, Tiziano"]
[Result "0-1"]
[WhiteElo "1798"]
[BlackElo "1978"]
[PlyCount "88"]
[EventDate "2006.02.02"]

1.d4 d5 2.e4 c6 3.Nc3 dxe4 4.f3 e3 5.Bxe3 Bf5 6.g4 Bg6 7.h4 h6 8.Bd3 Bxd3 
9.Qxd3 e6 10.Nge2 Be7 11.O-O-O Bxh4 12.f4 Be7 13.g5 Na6 14.g6 f5 15.Ng3 
Nf6 16.Qc4 Nd5 17.Nh5 Rg8 18.Rhe1 Qd7 19.Bf2 Nac7 20.Ne2 O-O-O 21.Qa4 a6 
22.c4 Nf6 23.Nxf6 Bxf6 24.Rd3 c5 25.Qa5 cxd4 26.Nxd4 Bxd4 27.Bxd4 Qc6 28.
Qc3 Rd7 29.Be5 Rxd3 30.Qxd3 Rd8 31.Qc3 Ne8 32.Kb1 Rd7 33.Qe3 Qe4+ 34.Qxe4 
fxe4 35.Kc2 Nd6 36.Rd1 Nf5 37.Rxd7 Kxd7 38.Kd2 h5 39.Ke2 Kc6 40.b4 h4 41.
Kf2 h3 42.Kg1 Nh4 43.Bxg7 Nxg6 44.Kh2 Nxf4 0-1

[Event "C.to Provinciale AT"]
[Site "Asti ITA"]
[Date "2006.02.03"]
[Round "2"]
[White "Degrassi, Sergio"]
[Black "Brancaleoni, Maurizio"]
[Result "1-0"]
[WhiteElo "1796"]
[BlackElo "2306"]
[PlyCount "56"]
[EventDate "2006.02.02"]

1.d4 Nf6 2.Bg5 d5 3.Nd2 g6 4.Bxf6 exf6 5.g3 Bg7 6.e3 O-O 7.Bg2 f5 8.Ne2 c6
9.O-O Nd7 10.c4 dxc4 11.Nxc4 Nb6 12.Nxb6 Qxb6 13.Qc2 Bd7 14.Nc3 Rad8 15.
Na4 Qc7 16.Nc5 Bc8 17.Nd3 Qe7 18.Rac1 Be6 19.Nf4 Rfe8 20.Qc5 Bxa2 21.Qxe7 
Rxe7 22.Ra1 Bc4 23.Rfc1 Bb5 24.Rxa7 Red7 25.b4 Bf8 26.Rb1 Bd6 27.Nh3 Ba6 
28.Bxc6 Bb8 1-0

[Event "C.to Provinciale AT"]
[Site "Asti ITA"]
[Date "2006.02.03"]
[Round "2"]
[White "Forno, Roberto"]
[Black "Venturino, Marco"]
[Result "0-1"]
[WhiteElo "2005"]
[BlackElo "2116"]
[PlyCount "96"]
[EventDate "2006.02.02"]

1.Nf3 c5 2.e4 Nc6 3.d4 cxd4 4.Nxd4 Nf6 5.Nc3 e5 6.Ndb5 d6 7.Nd5 Nxd5 8.
exd5 Nb8 9.c4 a6 10.Nc3 Bf5 11.Bd3 Bxd3 12.Qxd3 Be7 13.O-O O-O 14.Be3 Nd7 
15.b4 Rc8 16.Rac1 f5 17.f4 exf4 18.Rxf4 Bg5 19.Ne2 Ne5 20.Qb3 Ng4 21.Rxg4 
fxg4 22.Nd4 Bxe3+ 23.Qxe3 Qe8 24.Ne6 Rf5 25.Qg3 Rxd5 26.Re1 Re5 27.Rxe5 
dxe5 28.Qxg4 Qg6 29.Qxg6 hxg6 30.c5 Kf7 31.Ng5+ Ke7 32.Kf2 Rd8 33.Ke3 Rd4 
34.a3 Rg4 35.Ne4 Rxg2 36.Nd6 Rxh2 37.Nxb7 Rh3+ 38.Ke4 Rxa3 39.Kxe5 Rb3 40.
Na5 Rd3 41.Nc4 Kd7 42.Ke4 Rb3 43.Ne5+ Kc7 44.Nd3 g5 45.Kd4 g4 46.Kc4 g3 
47.Nf4 Rf3 48.Ne6+ Kc8 0-1

[Event "C.to Provinciale AT"]
[Site "Asti ITA"]
[Date "2006.02.03"]
[Round "2"]
[White "Gamba, Ezio"]
[Black "Beccaris, Gabriele"]
[Result "1/2-1/2"]
[WhiteElo "1838"]
[BlackElo "2046"]
[PlyCount "121"]
[EventDate "2006.02.02"]

1.e4 c5 2.d4 cxd4 3.c3 dxc3 4.Nxc3 Nc6 5.Bc4 e6 6.Nf3 d6 7.O-O Nf6 8.Qe2 
Be7 9.Rd1 Bd7 10.Nb5 Qb8 11.Bf4 Ne5 12.Rac1 a6 13.Bxe5 dxe5 14.Nc7+ Qxc7 
15.Bxe6 Qa5 16.Bxf7+ Kxf7 17.Qc4+ Ke8 18.Ng5 Rf8 19.Ne6 Bxe6 20.Qxe6 Rd8 
21.Rxd8+ Qxd8 22.Rc8 Nxe4 23.Rxd8+ Kxd8 24.Qd5+ Nd6 25.Qxe5 Rf7 26.g3 Kd7 
27.f4 Bf6 28.Qe2 Re7 29.Qc2 Re4 30.b3 h6 31.Kg2 Rd4 32.Kh3 Ne4 33.Kg4 Nc3 
34.Kh5 Rd5+ 35.Kg6 Ra5 36.a4 Rd5 37.Kf7 a5 38.Qg2 b6 39.h4 Kc7 40.Qh2 Ne4 
41.g4 Nc5 42.g5 hxg5 43.hxg5 Bd4 44.Qc2 Rd7+ 45.Kg6 Rd6+ 46.Kf5 Re6 47.Kg4
Re4 48.Kf5 Be3 49.Kg6 Bxf4 50.Kxg7 Bxg5 51.Qh2+ Bf4 52.Qc2 Be5+ 53.Kg6 Rb4
54.Qf5 Nd7 55.Qc2+ Kb7 56.Kf5 Bc7 57.Qg2+ Ka7 58.Qc6 Rf4+ 59.Kg5 Rg4+ 60.
Kh5 Rd4 61.Qxc7+ 1/2-1/2

[Event "C.to Provinciale AT"]
[Site "Asti ITA"]
[Date "2006.02.03"]
[Round "2"]
[White "Giretti Kanev, Jasen"]
[Black "Raviola, Giuseppe"]
[Result "1/2-1/2"]
[WhiteElo "2221"]
[BlackElo "2101"]
[PlyCount "86"]
[EventDate "2006.02.02"]

1.Nf3 d5 2.g3 c5 3.Bg2 Nc6 4.c4 d4 5.d3 e5 6.O-O f5 7.e3 Nf6 8.exd4 exd4 
9.Qe2+ Be7 10.Ng5 h6 11.Ne6 Bxe6 12.Qxe6 Qd7 13.Bxc6 bxc6 14.Qxd7+ Nxd7 
15.Re1 Kf7 16.Nd2 Rhe8 17.Nf3 Bf6 18.Bf4 g5 19.Bd6 Rac8 20.Rxe8 Rxe8 21.
Kf1 g4 22.Nd2 Be5 23.Bxe5 Nxe5 24.Rb1 Nxd3 25.a3 Rb8 26.b4 cxb4 27.Ke2 Ne5
28.axb4 Re8 29.Kf1 d3 30.Rb3 Rd8 31.b5 cxb5 32.Rxb5 Ke6 33.Ra5 Rc8 34.Rxa7
Nxc4 35.Nxc4 Rxc4 36.Ke1 Re4+ 37.Kd2 Re2+ 38.Kxd3 Rxf2 39.Ra6+ Ke7 40.Rxh6
f4 41.Rh7+ Kf6 42.gxf4 Rxf4 43.Ke3 Rf5 1/2-1/2

[Event "C.to Provinciale AT"]
[Site "Asti ITA"]
[Date "2006.02.03"]
[Round "2"]
[White "Quirico, Paolo"]
[Black "Molina, Fabrizio"]
[Result "1-0"]
[WhiteElo "1987"]
[BlackElo "2264"]
[PlyCount "97"]
[EventDate "2006.02.02"]

1.Nf3 c5 2.c4 Nc6 3.Nc3 g6 4.g3 Bg7 5.Bg2 e5 6.e4 Nge7 7.d3 d6 8.Be3 O-O 
9.h4 f5 10.Qd2 Nd4 11.Bg5 Qe8 12.Bxe7 Qxe7 13.Nxd4 cxd4 14.Nd5 Qf7 15.h5 
f4 16.hxg6 hxg6 17.gxf4 exf4 18.Bh3 Be5 19.f3 Kg7 20.Qg2 Rg8 21.Bxc8 Raxc8
22.Kd2 b5 23.cxb5 Rc5 24.a4 Bf6 25.Qh3 Kf8 26.Nxf6 Qxf6 27.Qd7 Qe7 28.
Qxe7+ Kxe7 29.Rac1 Rg5 30.Rc7+ Kf6 31.Rh2 Rg3 32.Rf2 Rg1 33.Kc2 Ra1 34.
Rxa7 Rc8+ 35.Kb3 Rd1 36.b6 Rxd3+ 37.Kb4 Re3 38.b7 Rb8 39.Rc2 d3 40.Rd2 g5 
41.a5 g4 42.a6 Re2 43.Rxd3 gxf3 44.Rxf3 Rxe4+ 45.Kb5 Ree8 46.Ra8 Ke5 47.
Rxb8 Rxb8 48.Kb6 Ke4 49.Rf1 1-0

[Event "C.to Provinciale AT"]
[Site "Asti ITA"]
[Date "2006.02.03"]
[Round "2"]
[White "Rivello, Roberto"]
[Black "Malano, Francesco"]
[Result "1-0"]
[WhiteElo "2269"]
[BlackElo "2041"]
[PlyCount "57"]
[EventDate "2006.02.02"]

1.e4 d6 2.d4 Nf6 3.Nc3 Nbd7 4.Nf3 e5 5.Bc4 Be7 6.O-O O-O 7.a4 c6 8.Qe2 b6 
9.Rd1 Bb7 10.dxe5 dxe5 11.Nxe5 Qe8 12.Nxf7 Rxf7 13.Bxf7+ Qxf7 14.e5 Nxe5 
15.Qxe5 Ng4 16.Qe2 Rf8 17.Be3 Nxe3 18.fxe3 Qe6 19.Rd4 Bc5 20.Re4 Qh6 21.
Rf1 Rxf1+ 22.Qxf1 Qg6 23.Qc4+ Qf7 24.Re8+ Bf8 25.Qxf7+ Kxf7 26.Rb8 Ba6 27.
Ra8 Bc4 28.Rxa7+ Kg6 29.Rc7 1-0

[Event "C.to Provinciale AT"]
[Site "Asti ITA"]
[Date "2006.02.03"]
[Round "2"]
[White "Roversi, Stefano"]
[Black "Gussone, Claudio"]
[Result "0-1"]
[WhiteElo "1885"]
[BlackElo "1947"]
[PlyCount "64"]
[EventDate "2006.02.02"]

1.e4 d6 2.d4 Nf6 3.Nc3 g6 4.f4 Bg7 5.Nf3 O-O 6.Bd3 Na6 7.O-O c5 8.e5 Nd7 
9.Be3 cxd4 10.Bxd4 dxe5 11.fxe5 Nb4 12.Bc4 e6 13.Qe2 Nc6 14.Rad1 Nxd4 15.
Rxd4 a6 16.Rd6 Qc7 17.Rfd1 b5 18.Bb3 Qc5+ 19.Kh1 Nxe5 20.Ne4 Qc7 21.Neg5 
Nxf3 22.Qxf3 Bb7 23.Qh3 h6 24.Rd7 Rad8 25.Nxf7 Rxd7 26.Nxh6+ Bxh6 27.Bxe6+
Kh7 28.Bxd7 Qxc2 29.Re1 Qe2 30.Rg1 Rf2 31.Qg3 Rxg2 32.Bc6 Rxg3 0-1

[Event "C.to Provinciale AT"]
[Site "Asti ITA"]
[Date "2006.02.03"]
[Round "2"]
[White "Torrisi, Andrea"]
[Black "Finocchiaro, Gianluca"]
[Result "0-1"]
[WhiteElo "1888"]
[BlackElo "1854"]
[PlyCount "62"]
[EventDate "2006.02.02"]

1.e4 d6 2.d4 Nf6 3.Nc3 c6 4.Bd3 e5 5.dxe5 dxe5 6.Nf3 Bc5 7.Bg5 O-O 8.O-O 
Nbd7 9.Qe2 Be7 10.Rad1 Qc7 11.a3 b5 12.Nh4 Nc5 13.Nf5 Bxf5 14.exf5 Nxd3 
15.Rxd3 e4 16.Re3 Nd5 17.Nxd5 cxd5 18.f6 Bxf6 19.Bxf6 gxf6 20.Qg4+ Kh8 21.
Qf5 Qe5 22.Qd7 a6 23.f4 Qd4 24.Re1 Rg8 25.c3 Qd2 26.R1e2 Qd1+ 27.Kf2 Rxg2+
28.Kxg2 Rg8+ 29.Kh3 Qg1 30.Rg2 Qxg2+ 31.Kh4 Qxh2+ 0-1

[Event "C.to Provinciale AT"]
[Site "Asti ITA"]
[Date "2006.02.04"]
[Round "3"]
[White "Beccaris, Gabriele"]
[Black "Giretti Kanev, Jasen"]
[Result "0-1"]
[WhiteElo "2046"]
[BlackElo "2221"]
[PlyCount "120"]
[EventDate "2006.02.02"]

1.e4 e6 2.d4 d5 3.Nc3 Nf6 4.e5 Nfd7 5.Nce2 c5 6.c3 Nc6 7.Nf3 f6 8.Nf4 Qe7 
9.exf6 Nxf6 10.Bb5 Bd7 11.O-O O-O-O 12.Re1 Ne4 13.Bd3 g5 14.Ne2 h6 15.Bxe4
dxe4 16.Nd2 e3 17.fxe3 Qh7 18.e4 cxd4 19.cxd4 Bb4 20.Qc2 Kb8 21.a3 Ba5 22.
b4 Bb6 23.Nb3 e5 24.Be3 Bg4 25.Rad1 Rhf8 26.Nc5 exd4 27.Nxd4 Bxd1 28.Nxc6+
bxc6 29.Rxd1 Rxd1+ 30.Qxd1 Rd8 31.Qa4 Bxc5 32.Bxc5 Qd7 33.h3 Qd1+ 34.Qxd1 
Rxd1+ 35.Kh2 Re1 36.e5 Kb7 37.Bd6 Kc8 38.Kg3 h5 39.h4 gxh4+ 40.Kxh4 Rh1+ 
41.Kg5 Kd7 42.a4 a6 43.g3 Ke6 44.a5 Rh2 45.Bc7 Rh3 46.Kf4 h4 47.Kg4 Rxg3+ 
48.Kxh4 Rg7 49.Bd6 Kf5 50.Kh3 Rg6 51.Bc7 Ke4 52.Bd6 Kd5 53.Bc7 Rg7 54.Bd6 
Rd7 55.Bb8 Re7 56.Kg3 Rxe5 57.Kf3 Re6 58.Ba7 Kc4 59.Bc5 Re5 60.Bb6 Rb5 0-1